ファッション系ブランド名読み方 - Statistics

General Stats
  • This quiz has been taken 190 times
  • The average score is 10 of 20
Answer Stats
Name Answer % Correct
Louis Vuitton ルイ・ヴィトン
99%
HELMES エルメス
97%
CALVIN KLEIN カルバンクライン
82%
Supreme シュプリーム
81%
4°C ヨンドシー
74%
LEVI'S リーバイス
60%
Saint Laurent サンローラン
59%
COMME des GARCONS コムデギャルソン
53%
Maison Margiela メゾンマルジェラ
52%
L'Occitane ロクシタン
49%
UGG アグ
48%
LOEWE ロエベ
46%
agnes b. アニエスベー
38%
A.P.C. アーペーセー
38%
Y-3 ワイスリー
36%
Aēsop イソップ
34%
CA4LA カシラ
26%
SM2 サマンサモスモス
25%
Diptyque ディプティック
17%
GIVENCHY ジバンシイ
14%
No matching quizzes found
Score Distribution
Percent of People with Each Score
Percentile by Number Answered
Your Score History
You have not taken this quiz